000 01847cam a2200193 a 4500
020 _a9789004170261 (hardback : alk. paper)
020 _a900417026X (hardback : alk. paper)
041 _aENG
082 _a275.98
_bSTE
245 0 2 _aA history of Christianity in Indonesia
260 _aLeiden ;
_aBoston ;
_bBrill,
_c2008.
300 _axvi, 1004 p. :
_bill. ;
490 1 _aStudies in Christian mission,
505 0 _aPt. 1. The first Christians : until 1800. Christianity in pre-colonial Indonesia -- 1530-1670 : a race between Islam and Christianity? -- Catholic converts in the Moluccas, Minahasa and Sangihe-Talaud, 1512-1680 -- The Solor-Timor mission of the Dominicans 1562-1800 -- The arrival of Protestantism and the consolidation of Christiantiy in the Moluccas 1605-1800 -- Pt. 2. 1800-2005 : chronological and regional surveys. 1800-2005 : a national overview -- Old and new Christianity in the southeastern islands -- Christianity in Papua -- Moluccan Christianity in the 19th and 20th century between Agama Ambon and Islam -- How Christianity obtained a central position in Minahasa culture and society -- Christianity in central and southern Sulawesi -- Kalimantan or Indonesian Borneo -- The sharp contrasts of Sumatra -- Christianity in Javanese culture and society -- A small Christian flock in Bali -- Pt. 3. Issues of national concern. Theological thinking by Indonesian Christians, 1850-2000 -- The ecumenical movement in Indonesia with special attention to the National Council of Churches -- The spectacular growth of the third stream : the Evangelicals and Pentecostals -- Chinese Christian communities in Indonesia -- Christian art in Indonesia -- Christian media.
700 1 _aAritonang, Jan S.
700 1 _aSteenbrink, Karel A.
856 4 1 _uhttp://www.loc.gov/catdir/toc/ecip0824/2008031321.html
942 _cBK
999 _c23357
_d23357